000 02337cab a2200265 ab4500
005 20250311103209.0
008 991125c2018 sp fr p o 000 0 spa d
035 _aUPN01000231826
040 _aMX-MxUPN
_bspa
_cMX-MxUPN
_eaacr2
049 _aART-E
100 1 _aMenchén Bellón, Francisco
_6- fcomenchen@yahoo.com
245 1 3 _aEl aprendizaje creativo y el cerebro :
_brescatar el concepto de “aprehender”
506 0 _aAcceso abierto
520 3 _aEl reto de la educación en las próximas décadas no será, simplemente, el dominio del conocimiento, sino el poder del aprendizaje creativo. La era del aprendizaje repetitivo pertenece al pasado. En el siglo xxi brillará el aprendizaje creativo, que será la herramienta principal del aula. Los alumnos del futuro tendrán que aprehender de forma holística, permanente y creativa. Asociar educación a escuela es un pensamiento propio de la revolución industrial y no de la revolución de la creatividad. Todo cuanto conocemos y sabemos no es más que una creación de la mente humana, fruto del aprendizaje creativo. El hecho de asumir una nueva manera de entender el aprendizaje, lleva consigo la modificación del patrón de comportamiento o los pertinentes algoritmos. Todo depende del sentido que le demos a lo que hacemos. Para implementar en el aula el aprendizaje creativo el docente debe contemplar dos factores: rescatar el concepto de aprehender, y conocer el funcionamiento del cerebro a la hora de enseñar. En consecuencia, el docente debe respetar el ritmo de aprendizaje creativo que tiene cada alumno y además contemplar que, para crear conocimiento es necesario conocer el proceso cerebral que interviene. Para gestionar este cambio, es imprescindible salirse de la zona de confort e inspirar a los alumnos a desarrollar habilidades nuevas y despertar pasión por aprehender. RIEJS
650 2 _aCreatividad
_95008
650 4 _aPensamiento creativo
_912761
653 0 _aAprendizaje creativo
653 0 _aCerebro
773 _gVol. 7, no. 2 (2018), p. 47-59
_tRIEJS: revista internacional de educación para la justicia social
_x2254-3139
856 4 _uhttps://revistas.uam.es/riejs/article/view/10304/10398
856 4 _uhttps://doi.org/10.15366/riejs2018.7.2.003
902 _aLeonor Sotres/110325
905 _aArticulo
942 _cART-E
999 _c203921
_d203921